5HLuxD.jpg

KING HENRY VIII SENIOR AND PRIMARY SCHOOL LIBRARY OPAC

Phantom architecture / (Record no. 376)

000 -LEADER
fixed length control field 02766cam a2200337 i 4500
001 - CONTROL NUMBER
control field 20249547
003 - CONTROL NUMBER IDENTIFIER
control field OSt
005 - DATE AND TIME OF LATEST TRANSACTION
control field 20190808084904.0
008 - FIXED-LENGTH DATA ELEMENTS--GENERAL INFORMATION
fixed length control field 170713s2017 enka ob 001 0 eng
010 ## - LIBRARY OF CONGRESS CONTROL NUMBER
LC control number 2017433320
020 ## - INTERNATIONAL STANDARD BOOK NUMBER
International Standard Book Number 9781471166419
020 ## - INTERNATIONAL STANDARD BOOK NUMBER
International Standard Book Number 1471166414
040 ## - CATALOGING SOURCE
Original cataloging agency DLC
Language of cataloging eng
Description conventions rda
Transcribing agency DLC
042 ## - AUTHENTICATION CODE
Authentication code pcc
082 04 - DEWEY DECIMAL CLASSIFICATION NUMBER
Classification number 720.9 WIL
Edition number 23
100 1# - MAIN ENTRY--PERSONAL NAME
Personal name Wilkinson, Philip,
Dates associated with a name 1955-
Relator term author.
245 10 - TITLE STATEMENT
Title Phantom architecture /
Statement of responsibility, etc. Philip Wilkinson.
246 ## - VARYING FORM OF TITLE
Title proper/short title Phantom architecture :
Remainder of title the fantastical structures the world's great architects really wanted to build
264 #1 - PRODUCTION, PUBLICATION, DISTRIBUTION, MANUFACTURE, AND COPYRIGHT NOTICE
Place of production, publication, distribution, manufacture London :
Name of producer, publisher, distributor, manufacturer Simon & Schuster,
Date of production, publication, distribution, manufacture, or copyright notice 2017.
300 ## - PHYSICAL DESCRIPTION
Extent 256 pages :
Other physical details illustrations (some color) ;
Dimensions 26 cm
336 ## - CONTENT TYPE
Content type term text
Content type code txt
Source rdacontent
337 ## - MEDIA TYPE
Media type term unmediated
Media type code n
Source rdamedia
338 ## - CARRIER TYPE
Carrier type term volume
Carrier type code nc
Source rdacarrier
504 ## - BIBLIOGRAPHY, ETC. NOTE
Bibliography, etc. note Includes bibliographical references (pages 244-245) and index.
520 ## - SUMMARY, ETC.
Summary, etc. A skyscraper one mile high, a dome covering most of downtown Manhattan, a triumphal arch in the form of an elephant: some of the most exciting buildings in the history of architecture are the ones that never got built. These are the projects in which architects took materials to the limits, explored challenging new ideas, defied conventions, and pointed the way towards the future. Some of them are architectural masterpieces, some simply delightful flights of fancy. It was not usually poor design that stymied them - politics, inadequate funding, or a client who chose a 'safe' option rather than a daring vision were all things that could stop a project leaving the drawing board. These unbuilt buildings include the grand projects that acted as architectural calling cards, experimental designs that stretch technology, visions for the future of the city, and articles of architectural faith. Structures likeBuckminster Fuller's dome over New York or Frank Lloyd Wright's mile-high tower can seem impossibly daring. But they also point to buildings that came decades later, to the Eden Project and the Shard. Some of those unbuilt wonders are buildings of great beauty and individual form like Etienne-Louis Boullee's enormous spherical monument to Isaac Newton; some, such as the city plans of Le Corbusier, seem to want to teach us how to live; some, like El Lissitsky's 'horizontal skyscrapers' and Gaudi's curvaceous New York hotel, turn architectural convention upside-down; some, such as Archigram's Walking City and Plug-in City, are bizarre and inspiring by turns. All are captured in this magnificently illustrated book.
650 #0 - SUBJECT ADDED ENTRY--TOPICAL TERM
Topical term or geographic name entry element Visionary architecture.
906 ## - LOCAL DATA ELEMENT F, LDF (RLIN)
a 7
b cbc
c origres
d 3
e ncip
f 20
g y-gencatlg
942 ## - ADDED ENTRY ELEMENTS (KOHA)
Source of classification or shelving scheme
Koha item type Books - Non Ficton
Holdings
Withdrawn status Lost status Source of classification or shelving scheme Damaged status Not for loan Collection code Permanent Location Current Location Shelving location Date acquired Total Checkouts Full call number Barcode Date last seen Date last checked out Price effective from Koha item type
          Non-Fiction KH8 Senior School Library KH8 Senior School Library Non Fiction 2019-08-08 1 720.9 WIL 3KHSL000100244 2024-09-12 2024-08-30 2019-08-08 Books - Non Ficton

Powered By KH8 IT Dept